000 00830cam a22002771 4500
001 29755
003 BD-RjUL
005 20211209051444.0
008 140406r19551951nyu 001 0 eng d
035 _a(BD-RjUL)29840
035 _a(OCoLC)1421472
040 _aDLC
_cFO
_dOCoLC
_dDLC
_dBD-RjUL
_beng
041 _aeng
082 0 4 _a305.231
_bSTI 1955
_223
100 1 _aStrang, Ruth
_92705
245 1 3 _aAn introduction to child study /
_cby Ruth Strang
250 _a3rd ed.
260 _aNew York :
_bMacmillan,
_cc1951 [printing 1955].
300 _axi, 705 p. :
_bill. ;
_c22 cm.
504 _aIncludes bibliographical references and index.
650 0 _aChild development.
_990590
650 0 _aChild rearing.
_916818
650 0 _aChildren
_xHealth and hygiene.
_97327
942 _2ddc
_cBK
999 _c29755
_d29755